000 00521nam a2200193Ia 4500
003 LDD
008 181029s9999 xx 000 0 und d
020 _a8188086304
_c595.00
040 _cLDD
100 _aAhjua, M. L.
245 0 _aIndian spiritual gurus
_cM. L. Ahjua
260 _aNew Delhi
_bIcon
_c2006
300 _axxvii, 258
365 _b595.00
901 _a3690
_b16-01-2007
902 _a11504
_b17-01-2007
_cF
_dGBH
_e31
903 _aDiscount-10
_bReqst by : Debal K. Singharoy
942 _2ddc
_cBK
999 _c77363
_d77363